[Event "Preferente Aragonesa 2022 - Grupo II"]
[Site "?"]
[Date "2022.01.29"]
[Round "1.52"]
[White "Bello Cera, Raul"]
[Black "Serrano San Nicolas, Angel"]
[Result "1/2-1/2"]
[WhiteElo "1641"]
[BlackElo "1961"]
[PlyCount "49"]
[EventDate "2022.01.29"]
[WhiteTeam "MyInvestor Casablanca C"]
[BlackTeam "San Jose"]

1. e4 d5 2. exd5 Qxd5 3. Nc3 Qd6 4. d4 Nf6 5. Bc4 c6 6. Nge2 Bf5 7. Bf4 Qb4 8.
Bd3 Bxd3 9. Qxd3 e6 10. O-O Nbd7 11. a3 Qb6 12. b4 Be7 13. Na4 Qb5 14. Qxb5
cxb5 15. Nc5 O-O-O 16. Nc3 a6 17. a4 Bxc5 18. dxc5 bxa4 19. Rxa4 e5 20. Bg3 Nh5
21. Ne4 Rhf8 22. c4 Kc7 23. Rd1 Nxg3 24. hxg3 h6 25. Rd6 1/2-1/2

[Event "Preferente Aragonesa 2022 - Grupo II"]
[Site "?"]
[Date "2022.01.29"]
[Round "1.53"]
[White "Baldellou Vicente, Roberto"]
[Black "Sese Serrano, Isaac"]
[Result "1-0"]
[WhiteElo "1951"]
[BlackElo "1262"]
[PlyCount "49"]
[EventDate "2022.01.29"]
[WhiteTeam "San Jose"]
[BlackTeam "MyInvestor Casablanca C"]

1. d4 Nf6 2. Nf3 e6 3. c4 c5 4. e3 d6 5. Nc3 Be7 6. Be2 O-O 7. O-O Nbd7 8. Qc2
Ne8 9. b3 Nc7 10. Bb2 b6 11. Rfd1 Bb7 12. Rac1 f5 13. dxc5 Nxc5 14. Nd4 Rf6 15.
Bf3 Qc8 16. Nc6 Bf8 17. b4 Nd7 18. Ne2 e5 19. Bd5+ Nxd5 20. cxd5 Rf7 21. f4 e4
22. Ned4 Nb8 23. b5 a6 24. a4 a5 25. Ne7+ 1-0

[Event "Preferente Aragonesa 2022 - Grupo II"]
[Site "?"]
[Date "2022.01.29"]
[Round "1.54"]
[White "Bernal Capdevila, Rodrigo"]
[Black "Palomar Ramon, Santiago"]
[Result "0-1"]
[WhiteElo "1004"]
[BlackElo "1900"]
[PlyCount "40"]
[EventDate "2022.01.29"]
[WhiteTeam "MyInvestor Casablanca C"]
[BlackTeam "San Jose"]

1. e4 e5 2. Nf3 Nc6 3. d4 exd4 4. Nxd4 Bb4+ 5. c3 Be7 6. Be3 Nf6 7. f3 O-O 8.
Qd3 Ne5 9. Qb5 d5 10. Nd2 c6 11. Qb3 dxe4 12. Nxe4 c5 13. Nxf6+ Bxf6 14. Nb5
Bh4+ 15. Bf2 Nxf3+ 16. gxf3 Re8+ 17. Be2 Bxf2+ 18. Kxf2 Qh4+ 19. Kg1 Rxe2 20.
Rf1 Qg5# 0-1

[Event "Preferente Aragonesa 2022 - Grupo II"]
[Site "?"]
[Date "2022.01.29"]
[Round "1.55"]
[White "Barranco Mananet, Fernando"]
[Black "Carrasquer Alonso, Luis"]
[Result "1-0"]
[WhiteElo "1981"]
[BlackElo "1822"]
[PlyCount "47"]
[EventDate "2022.01.29"]
[WhiteTeam "Monzon"]
[BlackTeam "Jaque - Pirenauto B"]

1. e4 e5 2. Nf3 Nc6 3. d4 exd4 4. Nxd4 Bc5 5. Nxc6 Qf6 6. Qd2 dxc6 7. Bd3 Ne7
8. O-O O-O 9. Qe2 Ng6 10. Nc3 Ne5 11. Be3 Bd6 12. f4 Ng4 13. e5 Qh6 14. h3 Nxe3
15. Qxe3 Re8 16. Qd4 Be7 17. f5 b6 18. Ne4 Bb7 19. f6 c5 20. Qf2 gxf6 21. exf6
Bd6 22. Nxd6 cxd6 23. Qf4 Qh5 24. Qg3+ 1-0

[Event "Preferente Aragonesa 2022 - Grupo II"]
[Site "?"]
[Date "2022.01.29"]
[Round "1.56"]
[White "Montoro Mavilla, Sergio"]
[Black "Rodriguez Aranda, Kevin"]
[Result "0-1"]
[WhiteElo "1784"]
[BlackElo "1742"]
[PlyCount "104"]
[EventDate "2022.01.29"]
[WhiteTeam "Jaque - Pirenauto B"]
[BlackTeam "Monzon"]

1. e4 c5 2. Nf3 d6 3. Bb5+ Bd7 4. Bxd7+ Nxd7 5. c4 Ngf6 6. Nc3 g6 7. O-O Bg7 8.
Rb1 O-O 9. h3 Nh5 10. d4 cxd4 11. Nxd4 Ne5 12. b3 Rc8 13. Be3 a6 14. Qd2 Qc7
15. Nd5 Qd8 16. Bg5 Re8 17. Rbd1 Nc6 18. Nc2 f6 19. Be3 Bh8 20. a4 Ng7 21. f4
f5 22. Bb6 Qd7 23. e5 Ne6 24. Rfe1 Kf7 25. Qf2 Bg7 26. Nce3 h5 27. g4 hxg4 28.
hxg4 Rh8 29. Nxf5 gxf5 30. gxf5 Rcg8 31. fxe6+ Qxe6 32. f5 Bxe5+ 33. Kf1 Qh6
34. Ke2 Qg5 35. Rg1 Rh2 36. Rxg5 Rxg5 37. Rf1 Rxf2+ 38. Rxf2 Bd4 39. Rf3 Bxb6
40. Nxb6 Nd4+ 41. Ke3 Nxf3 42. Kxf3 Rxf5+ 43. Ke4 e6 44. b4 Ke7 45. b5 axb5 46.
axb5 Kd8 47. Na4 Kc7 48. Nc3 Rh5 49. Kd4 Rh4+ 50. Kd3 Kb6 51. Na4+ Ka5 52. Nc3
Kb4 0-1

[Event "Preferente Aragonesa 2022 - Grupo II"]
[Site "?"]
[Date "2022.01.29"]
[Round "1.57"]
[White "Buil Solana, Mario"]
[Black "Huerva Lacuna, Isidro"]
[Result "1/2-1/2"]
[WhiteElo "1636"]
[BlackElo "1593"]
[PlyCount "66"]
[EventDate "2022.01.29"]
[WhiteTeam "Monzon"]
[BlackTeam "Jaque - Pirenauto B"]

1. e4 e5 2. Nf3 d6 3. d4 Nd7 4. Bc4 Be7 5. Nc3 Ngf6 6. O-O O-O 7. Re1 c6 8. a4
a5 9. b3 Nb6 10. Bf1 Bg4 11. dxe5 Bxf3 12. Qxf3 dxe5 13. Rd1 Qc7 14. Ne2 Rad8
15. Be3 Nbd7 16. Ng3 Nc5 17. Bd3 Nxd3 18. cxd3 Rd7 19. Nf5 Rfd8 20. Bg5 Nd5 21.
Qg3 Bxg5 22. exd5 Bf6 23. dxc6 Qxc6 24. Nh6+ Kf8 25. Ng4 e4 26. Nxf6 Qxf6 27.
d4 Rxd4 28. Rxd4 Qxd4 29. Re1 Qd2 30. Rf1 Re8 31. Qe3 Qxe3 32. fxe3 Rc8 33. Rf4
b6 1/2-1/2

[Event "Preferente Aragonesa 2022 - Grupo II"]
[Site "?"]
[Date "2022.01.29"]
[Round "1.58"]
[White "Vizcarra Susin, Sergio"]
[Black "Ocabo Vera, Pedro Aristides"]
[Result "0-1"]
[WhiteElo "1353"]
[BlackElo "1632"]
[PlyCount "104"]
[EventDate "2022.01.29"]
[WhiteTeam "Jaque - Pirenauto B"]
[BlackTeam "Monzon"]

1. d4 Nf6 2. Nf3 b6 3. Bf4 Bb7 4. Nbd2 e6 5. e3 Ba6 6. Bxa6 Nxa6 7. O-O Nb4 8.
a3 Nbd5 9. Bg3 Rc8 10. c4 Ne7 11. Rc1 Ng6 12. Ne5 Be7 13. f4 c5 14. Qa4 Qc7 15.
f5 Nxe5 16. Bxe5 Qb7 17. fxe6 fxe6 18. Nf3 O-O 19. Rfd1 d6 20. Bg3 Ne4 21. Be1
Ng5 22. Nxg5 Bxg5 23. Qb3 Qe4 24. Bf2 Rc7 25. Qd3 Qb7 26. Rc2 Rcf7 27. e4 Qe7
28. d5 e5 29. Qh3 Rf6 30. Be3 Qf7 31. Rcc1 Bxe3+ 32. Qxe3 Rf2 33. b4 Rf4 34.
Qd3 Qg6 35. Re1 Rf3 36. Re3 Rf2 37. Rg3 Qh6 38. Qe3 Qf4 39. Qxf4 R8xf4 40. Re3
Ra2 41. bxc5 bxc5 42. Rb1 h5 43. g3 Rff2 44. Rb7 Rg2+ 45. Kf1 Rxh2 46. Kg1 Rhc2
47. Kf1 Ra1+ 48. Re1 Rxa3 49. Rd7 Rf3+ 50. Kg1 Rxg3+ 51. Kh1 Rg6 52. Rxa7 Rxc4
0-1

[Event "Preferente Aragonesa 2022 - Grupo II"]
[Site "?"]
[Date "2022.01.29"]
[Round "1.59"]
[White "Lopez Lozano, David"]
[Black "Veras Sanz, Marino"]
[Result "0-1"]
[WhiteElo "1745"]
[BlackElo "2062"]
[PlyCount "119"]
[EventDate "2022.01.29"]
[WhiteTeam "Marcos Frechin B"]
[BlackTeam "El Olivar B"]

1. c4 c5 2. Nc3 Nc6 3. g3 g6 4. Bg2 Bg7 5. e4 Nf6 6. Nge2 O-O 7. O-O Ne8 8. d3
Nc7 9. f4 Ne6 10. h3 Ned4 11. Kh2 d6 12. Rb1 Rb8 13. a3 b5 14. Nxd4 Nxd4 15.
Nxb5 Nxb5 16. cxb5 Rxb5 17. Qa4 Qb6 18. Rf2 Be6 19. Qc2 Rb8 20. f5 Bb3 21. Qe2
c4 22. fxg6 hxg6 23. Be3 Bd4 24. Bxd4 Qxd4 25. dxc4 Bxc4 26. Qd2 Qxd2 27. Rxd2
Ba2 28. Rc1 Rxb2 29. Rxb2 Rxb2 30. Rc7 Bb1 31. Kg1 Rb3 32. Rxa7 Rxg3 33. Kf2
Rb3 34. a4 e6 35. a5 Ra3 36. Rd7 Rxa5 37. Rxd6 Kg7 38. Kg3 Rg5+ 39. Kf2 Kf6 40.
Rb6 Bc2 41. Bf3 Rc5 42. Rb7 Rc3 43. Ra7 Bd3 44. h4 Bb5 45. Rb7 Bc6 46. Rc7 Rc2+
47. Kg3 Bxe4 48. Rxf7+ Kxf7 49. Bxe4 Rc3+ 50. Kf4 Rc4 51. Ke5 Rxe4+ 52. Kxe4
Kf6 53. Kf4 e5+ 54. Kg4 Ke6 55. Kg5 e4 56. Kxg6 e3 57. h5 e2 58. h6 e1=Q 59.
Kg7 Qg3+ 60. Kh8 0-1

[Event "Preferente Aragonesa 2022 - Grupo II"]
[Site "?"]
[Date "2022.01.29"]
[Round "1.60"]
[White "Galve Guinea, Alejandro"]
[Black "Sanz Parron, Laura"]
[Result "1/2-1/2"]
[WhiteElo "1984"]
[BlackElo "1717"]
[PlyCount "56"]
[EventDate "2022.01.29"]
[WhiteTeam "El Olivar B"]
[BlackTeam "Marcos Frechin B"]

1. Nf3 d5 2. d4 Nf6 3. c4 e6 4. Nc3 Be7 5. Bg5 O-O 6. e3 h6 7. Bh4 Ne4 8. Bxe7
Qxe7 9. Qc2 Nxc3 10. Qxc3 dxc4 11. Bxc4 b6 12. O-O Bb7 13. Be2 Rc8 14. b4 a6
15. Qb2 Nd7 16. Rfc1 Nf6 17. Ne5 Qd6 18. a4 Ra7 19. b5 axb5 20. axb5 Rca8 21.
Rxa7 Rxa7 22. Ra1 Rxa1+ 23. Qxa1 Qd8 24. Qa3 Nd5 25. f3 Qa8 26. Qxa8+ Bxa8 27.
Kf2 Kf8 28. Bc4 Ke7 1/2-1/2

[Event "Preferente Aragonesa 2022 - Grupo II"]
[Site "?"]
[Date "2022.01.29"]
[Round "1.61"]
[White "Garcia Mendez, Beatriz"]
[Black "Bailo Remacha, Santiago"]
[Result "0-1"]
[WhiteElo "1692"]
[BlackElo "1940"]
[PlyCount "130"]
[EventDate "2022.01.29"]
[WhiteTeam "Marcos Frechin B"]
[BlackTeam "El Olivar B"]

1. c4 Nf6 2. g3 c5 3. Bg2 g6 4. Nc3 Bg7 5. a3 Nc6 6. Rb1 a5 7. Nf3 O-O 8. O-O
e6 9. e3 d5 10. cxd5 exd5 11. d4 Bf5 12. Ra1 c4 13. Re1 Qd7 14. Ne5 Nxe5 15.
dxe5 Ne4 16. Qxd5 Nxc3 17. Qxd7 Bxd7 18. bxc3 Bxe5 19. Bb2 Ba4 20. Bd5 Rac8 21.
f4 Bf6 22. e4 Rfd8 23. Re2 b6 24. g4 Rc5 25. g5 Bg7 26. Rf1 Bd7 27. Rd2 Be6 28.
Rfd1 Bxd5 29. exd5 b5 30. d6 Rd7 31. Rd5 Rxd5 32. Rxd5 b4 33. Rxa5 Rxd6 34.
Ra8+ Bf8 35. axb4 Rd1+ 36. Kf2 Rd2+ 37. Kf3 Rxb2 38. Rc8 Rxh2 39. Rxc4 Rb2 40.
Rc8 Kg7 41. Ke4 Re2+ 42. Kf3 Rb2 43. Ke4 Rb1 44. Kd5 Rf1 45. Rc4 Rd1+ 46. Kc6
f5 47. b5 Kf7 48. b6 Ke6 49. Kb7 Bd6 50. Kc8 Kd5 51. Rc7 Bxf4 52. Rd7+ Bd6 53.
c4+ Kc5 54. b7 Rb1 55. Rxh7 f4 56. Rg7 f3 57. Rf7 Rb3 58. Rf6 Bg3 59. Rf7 f2
60. Kd8 Kxc4 61. Kc8 Rb5 62. Rf3 Kd4 63. Rxf2 Bxf2 64. b8=Q Rxb8+ 65. Kxb8 Ke5
0-1

[Event "Preferente Aragonesa 2022 - Grupo II"]
[Site "?"]
[Date "2022.01.29"]
[Round "1.62"]
[White "Arinez Bruna, Octavio"]
[Black "Perez Tomas, Juan Manuel"]
[Result "1-0"]
[WhiteElo "1870"]
[BlackElo "1638"]
[PlyCount "53"]
[EventDate "2022.01.29"]
[WhiteTeam "El Olivar B"]
[BlackTeam "Marcos Frechin B"]

1. d4 Nf6 2. Bg5 d5 3. e3 Ne4 4. Bf4 g5 5. Be5 Rg8 6. Nd2 Nxd2 7. Qxd2 Nc6 8.
Bg3 Bf5 9. Bb5 Rg6 10. Nf3 a6 11. Bd3 Be4 12. Bxe4 dxe4 13. Ne5 Nxe5 14. Bxe5
Qd7 15. c4 h5 16. Qe2 h4 17. d5 O-O-O 18. O-O-O Bg7 19. Bxg7 Rxg7 20. Rd4 f5
21. Rhd1 Qd6 22. Kb1 Kb8 23. Qd2 Qb6 24. Qc3 c5 25. dxc6 Rxd4 26. Rxd4 bxc6 27.
c5 1-0

[Event "Preferente Aragonesa 2022 - Grupo II"]
[Site "?"]
[Date "2022.01.29"]
[Round "1.63"]
[White "Franco Ibanez, Carlos"]
[Black "Iglesias Fernandez, Luis"]
[Result "0-1"]
[WhiteElo "1913"]
[BlackElo "1856"]
[PlyCount "64"]
[EventDate "2022.01.29"]
[WhiteTeam "Shatranj"]
[BlackTeam "Palacio De Pioneros C"]

1. d4 e6 2. c4 Nf6 3. Nc3 Bb4 4. Qc2 O-O 5. a3 Bxc3+ 6. Qxc3 Ne4 7. Qc2 f5 8.
e3 b6 9. Ne2 Bb7 10. Nc3 Qg5 11. Nxe4 Bxe4 12. Qd2 Nc6 13. b4 Ne7 14. f3 Bb7
15. Bd3 Ng6 16. O-O Nh4 17. e4 Qf6 18. Bb2 fxe4 19. fxe4 Qg6 20. Qe2 a5 21.
bxa5 bxa5 22. Bc3 d6 23. Rab1 Rxf1+ 24. Rxf1 Qe8 25. Qe1 Ng6 26. Bxa5 c5 27.
dxc5 dxc5 28. Bc3 Qd7 29. Bc2 Rxa3 30. Bb2 Ra2 31. Qc3 Qd4+ 32. Rf2 Rxb2 0-1

[Event "Preferente Aragonesa 2022 - Grupo II"]
[Site "?"]
[Date "2022.01.29"]
[Round "1.65"]
[White "Ballonga Arruego, Alejandro"]
[Black "Cacho Almorin, Javier"]
[Result "1/2-1/2"]
[WhiteElo "1676"]
[BlackElo "1648"]
[PlyCount "61"]
[EventDate "2022.01.29"]
[WhiteTeam "Shatranj"]
[BlackTeam "Palacio De Pioneros C"]

1. c4 e6 2. Nc3 Nf6 3. e4 d5 4. e5 Nfd7 5. d4 c6 6. c5 b6 7. cxb6 axb6 8. Bd3
c5 9. Nf3 cxd4 10. Nb5 Nc6 11. Bf4 Bb4+ 12. Ke2 Be7 13. Rc1 Bb7 14. a3 Nc5 15.
Bb1 Ba6 16. a4 Qd7 17. Nfxd4 Nxd4+ 18. Qxd4 Bxb5+ 19. axb5 Qxb5+ 20. Bd3 Qxd3+
21. Qxd3 Nxd3 22. Kxd3 Bc5 23. Rc2 O-O 24. Rhc1 Ra4 25. Be3 Bxe3 26. Kxe3 Re4+
27. Kd3 b5 28. Re2 Rc4 29. Rxc4 bxc4+ 30. Kd4 Rb8 31. b4 (31. g4 Rb3 32. f4 Rf3
33. f5 Rf4+ 34. Kc5 Rxg4 35. fxe6 fxe6 36. Kd6 d4 (36... Re4 37. Rf2 d4 38.
Kxe6 d3 39. Kd5 Re2 40. Rf1 Rxh2 41. Kxc4 Rxb2 42. Kxd3 Rb7 43. Ke4 Rf7 44. Rd1
h5 45. e6 Rf6 46. Ke5 Kf8 47. Rd8+ Ke7 48. Rd7+)) 1/2-1/2

[Event "Preferente Aragonesa 2022 - Grupo II"]
[Site "?"]
[Date "2022.01.29"]
[Round "1.66"]
[White "Vallverdu Miret, Oscar"]
[Black "Delgado Pascual, Hugo"]
[Result "0-1"]
[WhiteElo "2111"]
[BlackElo "1704"]
[PlyCount "51"]
[EventDate "2022.01.29"]
[WhiteTeam "Fraga"]
[BlackTeam "Enroque de Barbastro"]

1. b3 d5 2. Bb2 Nf6 3. e3 c5 4. Nf3 Bg4 5. h3 Bf5 6. Bb5+ Bd7 7. Be2 e6 8. O-O
Bd6 9. c4 O-O 10. Qc2 Nc6 11. a3 Re8 12. d4 cxd4 13. exd4 e5 14. cxd5 Nxd5 15.
Bc4 Nf4 16. Re1 Qf6 17. Nbd2 exd4 18. Ne4 Qg6 19. Nfg5 Ne5 20. Bc1 d3 21. Qd1
Nxc4 22. bxc4 Ne2+ 23. Kf1 Rxe4 24. Nxe4 Qxe4 25. Bb2 Bxh3 26. f3 0-1

[Event "Preferente Aragonesa 2022 - Grupo II"]
[Site "?"]
[Date "2022.01.29"]
[Round "1.67"]
[White "Jimenez Azlor, Hugo"]
[Black "Aribau Rivas, Miguel Angel"]
[Result "0-1"]
[WhiteElo "1554"]
[BlackElo "2024"]
[PlyCount "88"]
[EventDate "2022.01.29"]
[WhiteTeam "Enroque de Barbastro"]
[BlackTeam "Fraga"]

1. c4 Nf6 2. Nf3 b6 3. g3 Bb7 4. Bg2 g6 5. O-O Bg7 6. Nc3 c5 7. d4 cxd4 8. Nxd4
Bxg2 9. Kxg2 O-O 10. e4 Nc6 11. Nc2 Rc8 12. Rb1 Ne8 13. Nd5 Nd6 14. Qe2 e6 15.
Nf4 Nxc4 16. Qxc4 Nd4 17. Qa6 Nxc2 18. Qxa7 Qc7 19. Qxc7 Rxc7 20. Ne2 Nb4 21.
a3 Nd3 22. Rd1 Nxc1 23. Rdxc1 Rxc1 24. Nxc1 Rc8 25. Nd3 Rc2 26. b3 Bd4 27. Rc1
Rd2 28. Nf4 Rxf2+ 29. Kh3 Kg7 30. Rd1 e5 31. Nd5 Re2 32. Nxb6 Bxb6 33. Rxd7 Re3
34. Rd5 Rxe4 35. Rb5 Bc7 36. a4 Bd6 37. a5 Rb4 38. Rxb4 Bxb4 39. a6 Bc5 40. b4
Bb6 41. Kg2 Kf6 42. g4 Ke6 43. Kf3 f5 44. gxf5+ gxf5 0-1

[Event "Preferente Aragonesa 2022 - Grupo II"]
[Site "?"]
[Date "2022.01.29"]
[Round "1.68"]
[White "Agustin De Dios, Adrian"]
[Black "Carrera Angulo, Nicolas"]
[Result "1-0"]
[WhiteElo "1684"]
[BlackElo "1472"]
[PlyCount "53"]
[EventDate "2022.01.29"]
[WhiteTeam "Fraga"]
[BlackTeam "Enroque de Barbastro"]

1. e4 c5 2. Nc3 d6 3. g3 Nf6 4. Bg2 Nc6 5. d3 e5 6. Nge2 Be6 7. O-O Be7 8. f4
h5 9. f5 Bd7 10. Bg5 Nd4 11. Nxd4 cxd4 12. Ne2 Rc8 13. Qd2 Qb6 14. Bxf6 Bxf6
15. b3 Qc6 16. Rfc1 Qc7 17. c4 Qd8 18. Rc2 h4 19. g4 h3 20. Bf3 Bg5 21. Qb4
Be3+ 22. Kf1 Qh4 23. Ng3 Bf4 24. Nh5 g6 25. Nxf4 exf4 26. Qxd6 Qf6 27. Qxf6 1-0

[Event "Preferente Aragonesa 2022 - Grupo II"]
[Site "?"]
[Date "2022.01.29"]
[Round "1.69"]
[White "Gracia Noguero, Javier"]
[Black "Canales Navarro, Carlos"]
[Result "1/2-1/2"]
[WhiteElo "1370"]
[BlackElo "1541"]
[PlyCount "56"]
[EventDate "2022.01.29"]
[WhiteTeam "Enroque de Barbastro"]
[BlackTeam "Fraga"]

1. d4 Nf6 2. Nf3 e6 3. e3 d5 4. Bd3 b6 5. b3 Bb7 6. Bb2 Bd6 7. Nbd2 Nbd7 8. O-O
O-O 9. c4 Re8 10. Rc1 c5 11. cxd5 exd5 12. Bb5 a6 13. Bxd7 Nxd7 14. dxc5 bxc5
15. Nb1 Rc8 16. Nc3 Nf6 17. Re1 h6 18. Rc2 Ne4 19. Kh1 Nxc3 20. Rxc3 c4 21. a3
Qe7 22. Qd4 Be5 23. Qxe5 Qxe5 24. Nxe5 Rxe5 25. bxc4 dxc4 26. Rxc4 Bxg2+ 27.
Kg1 Rxc4 28. Bxe5 Bf3 1/2-1/2

[Event "Campeonato de Aragon por Equipos - Division de Honor"]
[Site ""]
[Date "2022.02.05"]
[Round "2.1"]
[White "Forcen Esteban, Daniel"]
[Black "Hinojar Basa, Alfonso"]
[Result "1/2-1/2"]
[WhiteElo "2558"]
[BlackElo "2125"]
[PlyCount "0"]
[WhiteTeam "Jaime Casas"]
[BlackTeam "Marcos Frechin"]
[EventDate "2022.01.29"]


1. d4 Nf6 2. Nf3 e6 3. Bf4 d5 4. e3 c5 5. Nbd2 Nc6 6. c3 cxd4 7. exd4 Nh5 8.
Be3 Bd6 9. Ne5 g6 10. g4 Ng7 11. h4 h5 12. Bg5 Qb6 13. Bf6 Rg8 14. Be2 Qxb2 15.
Rb1 Qxc3 16. Nxc6 bxc6 17. Rc1 Qa3 18. Rxc6 Be7 19. Bb5 Bd7 20. Bxe7 Kxe7 21.
Rc7 Rgd8 22. O-O Qh3 23. Qf3 Qxg4+ 24. Qxg4 hxg4 25. Rfc1 Ne8 26. R7c5 Bxb5 27.
Rxb5 Nd6 28. Ra5 Nf5 29. Nb3 Nxh4 30. Rc6 Rd6 31. Rc7+ Rd7 32. Rc6 Kf6 33. Kf1
Nf3 34. Ke2 Rb7 35. Rxd5 Rb6 36. Rdd6 Rxc6 37. Rxc6 Rd8 38. Ke3 Rd7 39. Ra6 Kg5
40. Nc5 Re7 41. a4 Nh4 42. Ne4+ Kh6 43. Nf6 Kg5 44. Ne4+ Kh6 45. Nf6 1/2-1/2

[Event "Campeonato de Aragon por Equipos - Division de Honor"]
[Site ""]
[Date "2022.02.05"]
[Round "2.2"]
[White "Portero Garnica, Miguel Angel"]
[Black "Ramiro Ovejero, Juan Luis"]
[Result "0-1"]
[WhiteElo "2088"]
[BlackElo "2324"]
[PlyCount "0"]
[WhiteTeam "Marcos Frechin"]
[BlackTeam "Jaime Casas"]
[EventDate "2022.01.29"]

1. e4 d5 2. exd5 Qxd5 3. Nc3 Qa5 4. Bc4 Nf6 5. d4 Bg4 6. Nf3 e6 7. h3 Bf5 8.
O-O c6 9. Bf4 Be7 10. a3 O-O 11. Qe2 Nd5 12. Nxd5 cxd5 13. b4 Qd8 14. Bd3 Bxd3
15. Qxd3 Nd7 16. c4 dxc4 17. Qxc4 Nb6 18. Qe2 Nd5 19. Be5 Rc8 20. Rfc1 Qd7 21.
Nd2 Rxc1+ 22. Rxc1 Rc8 23. Rc4 Nb6 24. Qg4 f6 25. Rxc8+ Qxc8 26. Bf4 Nd5 27.
Nb3 b6 28. Bd2 g6 29. Qe4 Kf7 30. Qd3 Qc6 31. Na1 Nc7 32. f3 Qd5 33. Kf2 f5 34.
Nc2 Bf6 35. Ke2 h5 36. Be1 Nb5 37. Bf2 Nd6 38. Bg3 Nb5 39. Bf2 Qc6 40. Kd2 a5
41. Bg3 a4 42. Be5 Bg5+ 43. Ne3 Nd6 44. Bxd6 Qxd6 45. Qb5 Qxd4+ 46. Qd3 Bxe3+
0-1

[Event "Campeonato de Aragon por Equipos - Division de Honor"]
[Site ""]
[Date "2022.02.05"]
[Round "2.3"]
[White "Fontana Sotomayor, Luis Javier"]
[Black "Miranda Herrera, Jorge Manuel"]
[Result "1/2-1/2"]
[WhiteElo "2251"]
[BlackElo "2051"]
[PlyCount "0"]
[WhiteTeam "Jaime Casas"]
[BlackTeam "Marcos Frechin"]
[EventDate "2022.01.29"]


1. d4 Nf6 2. Nf3 e6 3. e3 b6 4. Bd3 Bb7 5. O-O c5 6. c3 Be7 7. Nbd2 d5 8. Qe2
Nbd7 9. dxc5 Bxc5 10. e4 dxe4 11. Nxe4 Nxe4 12. Bxe4 Bxe4 13. Qxe4 O-O 14. Bf4
Nf6 15. Qe2 Qd5 16. Ne5 Qe4 17. Qxe4 Nxe4 18. Nd7 Rfd8 19. Nxc5 Nxc5 20. b3 Rd3
21. c4 f6 22. Rfd1 Rad8 23. Rxd3 Rxd3 24. Kf1 e5 25. Be3 Ne6 26. Ke2 Rd7 27.
Rd1 Rxd1 28. Kxd1 f5 29. f3 Kf7 30. a4 Nd8 31. a5 bxa5 32. Bxa7 Ke6 33. Kc2 Nc6
34. Bb6 h5 35. Kb2 Kd6 36. Ka3 e4 37. fxe4 fxe4 38. Kb2 Ke5 39. Kc3 g5 40. Kd2
g4 41. Ke3 h4 42. h3 g3 43. Bc7+ Kf5 44. c5 Nb4 45. Bxa5 Nc2+ 46. Kd2 Nd4 47.
Kc3 Ne2+ 48. Kc4 Nf4 49. c6 Ke6 50. Kd4 Nxh3 51. Kxe4 Nf2+ 52. Kf3 Kd6 53. Bd8
Nd3 54. Bxh4 Kxc6 55. Bxg3 Nc1 56. b4 Nd3 57. Ke4 Nxb4 58. Ke5 Kd7 59. Bh4 Ke8
60. Ke6 Nd3 61. Bg5 Kf8 62. Be7+ Kg7 63. Kf5 Kf7 64. Ba3 Ne1 65. g4 Nf3 66. Bb4
Nh4+ 67. Kg5 Ng6 68. Bd6 Nh8 69. Kh6 Ng6 70. g5 Nh4 71. Kh7 Ng6 72. Bb4 Nh4
1/2-1/2

[Event "Campeonato de Aragon por Equipos - Division de Honor"]
[Site ""]
[Date "2022.02.05"]
[Round "2.4"]
[White "Moya Gimeno, Raul"]
[Black "Newrkla, Katharina"]
[Result "0-1"]
[WhiteElo "1877"]
[BlackElo "2230"]
[PlyCount "0"]
[WhiteTeam "Marcos Frechin"]
[BlackTeam "Jaime Casas"]
[EventDate "2022.01.29"]

1. e4 c5 2. Nf3 d6 3. d4 cxd4 4. Nxd4 Nf6 5. Nc3 a6 6. Be3 e5 7. Nb3 Be7 8. f3
Be6 9. Qd2 h5 10. O-O-O Nbd7 11. Kb1 b5 12. Qf2 Rc8 13. Nd5 Nxd5 14. exd5 Bf5
15. Bd3 Bxd3 16. Rxd3 a5 17. Re1 O-O 18. g4 a4 19. Nd2 Bh4 20. Qg1 Bxe1 21.
Qxe1 hxg4 22. fxg4 f5 23. gxf5 Rxf5 24. Ne4 Qf8 25. Rd1 Rc4 26. Bc1 Nf6 27. Ng3
Rf3 28. Qg1 Qf7 29. Qg2 Nxd5 30. Rxd5 Qxd5 31. Nf5 Rc7 32. Qg6 Rxf5 33. Qxf5
Rf7 34. Qg6 b4 35. b3 a3 36. h4 e4 37. Qg4 Rf1 38. Qc8+ Kh7 39. Qe8 Qe5 0-1

[Event "Campeonato de Aragon por Equipos - Division de Honor"]
[Site ""]
[Date "2022.02.05"]
[Round "2.5"]
[White "Gella Bitrian, Diego"]
[Black "Adla Martin, Diego"]
[Result "1/2-1/2"]
[WhiteElo "2037"]
[BlackElo "2420"]
[PlyCount "0"]
[WhiteTeam "Atletismo Huesca"]
[BlackTeam "MyInvestor Casablanca"]
[EventDate "2022.01.29"]

1. e4 c6 2. d4 d5 3. exd5 cxd5 4. c4 Nf6 5. Nc3 Nc6 6. Nf3 Be6 7. cxd5 Bxd5 8.
Nxd5 Qxd5 9. Qa4 e6 10. a3 Bd6 11. Be2 O-O 12. O-O Rac8 13. Be3 a6 14. Rac1 Ne7
15. Rxc8 Rxc8 16. Rd1 Nf5 17. Bd2 h6 18. Bc3 Ne4 19. Be1 g5 20. h3 Rc6 21. Rd3
Rc1 22. Rd1 Rc6 23. Rd3 b5 24. Qd1 Bf4 25. Nd2 Bxd2 26. Bxd2 Nxd4 27. Be3 Nxe2+
28. Qxe2 Qf5 29. g4 Qf6 30. Bd4 Qf4 31. Rf3 Qc1+ 32. Kg2 Qc2 33. Qe1 Rd6 34.
Qb4 Qc4 35. Bc3 Qxb4 36. Bxb4 Rd5 37. Re3 Nc5 38. Rc3 Nd3 39. Rc8+ Kg7 40. Bc3+
f6 41. Rc6 a5 42. Bxa5 Nxb2 43. Rxe6 Nd3 44. Rc6 Nf4+ 45. Kh2 Rd3 46. Rc3 Rxc3
1/2-1/2

[Event "Campeonato de Aragon por Equipos - Division de Honor"]
[Site ""]
[Date "2022.02.05"]
[Round "2.6"]
[White "Glavina Rossi, Pablo"]
[Black "Gella Lopez, Angel"]
[Result "1-0"]
[WhiteElo "2397"]
[BlackElo "2025"]
[PlyCount "0"]
[WhiteTeam "MyInvestor Casablanca"]
[BlackTeam "Atletismo Huesca"]
[EventDate "2022.01.29"]

1. e4 c5 2. Nf3 e6 3. d3 d5 4. Qe2 Nf6 5. g3 Nc6 6. Bg2 Be7 7. O-O O-O 8. e5
Nd7 9. c4 d4 10. h4 h6 11. h5 Qc7 12. Bf4 b6 13. Nbd2 Bb7 14. Nh2 Rae8 15. Ng4
Bg5 16. Bxg5 hxg5 17. f4 gxf4 18. Rxf4 f5 19. exf6 Nxf6 20. Raf1 Nxg4 21. Rxf8+
Rxf8 22. Qxe6+ Rf7 23. Qe8+ Kh7 24. Rxf7 Qxg3 25. Nf1 Qh4 26. Be4+ 1-0

[Event "Campeonato de Aragon por Equipos - Division de Honor"]
[Site ""]
[Date "2022.02.05"]
[Round "2.7"]
[White "Bellosta Lopez, Pablo"]
[Black "Vela Frago, Alberto"]
[Result "0-1"]
[WhiteElo "1980"]
[BlackElo "2153"]
[PlyCount "0"]
[WhiteTeam "Atletismo Huesca"]
[BlackTeam "MyInvestor Casablanca"]
[EventDate "2022.01.29"]


1. e4 e5 2. Bc4 Nf6 3. d3 Bc5 4. Nc3 O-O 5. f4 d5 6. Nxd5 Be6 7. Nxf6+ Qxf6 8.
Bxe6 fxe6 9. Qe2 exf4 10. Nf3 e5 11. Bd2 Nc6 12. O-O-O a5 13. g3 Qe6 14. Kb1
Nb4 15. c4 fxg3 16. Bc3 Qg4 17. hxg3 Qxf3 18. Qh2 h6 19. Bxe5 Qg4 20. a3 Rf2
21. Qh5 Qxh5 22. Rxh5 Nc6 23. Bxg7 Kxg7 24. Rxc5 Rd8 25. d4 Rxd4 26. Rxd4 Nxd4
27. Rxc7+ Rf7 28. Rc5 a4 29. Rd5 Rf1+ 0-1

[Event "Campeonato de Aragon por Equipos - Division de Honor"]
[Site ""]
[Date "2022.02.05"]
[Round "2.8"]
[White "Ruiz Gonzalez, Jorge"]
[Black "Laplaza Ara, Carlos"]
[Result "0-1"]
[WhiteElo "1981"]
[BlackElo "1932"]
[PlyCount "0"]
[WhiteTeam "MyInvestor Casablanca"]
[BlackTeam "Atletismo Huesca"]
[EventDate "2022.01.29"]

1. e4 c5 2. Nf3 d6 3. Bb5+ Bd7 4. Bxd7+ Qxd7 5. c4 Nf6 6. Nc3 Nc6 7. d4 cxd4 8.
Nxd4 g6 9. O-O Bg7 10. Nf3 O-O 11. Be3 Ng4 12. Bf4 Nge5 13. Nd2 Nd3 14. Be3
Nxb2 15. Qc2 Bxc3 16. Qxc3 Na4 17. Qc2 Nc5 18. Rfd1 b6 19. Nf3 Qg4 20. Ng5 f6
21. f3 Qd7 22. Nh3 Rac8 23. Bh6 Rfe8 24. Nf4 Ne5 25. Rac1 Nf7 0-1